[Event "Titled Tue 20th May Late"]
[Site "chess.com INT"]
[Date "2025.05.20"]
[Round "2"]
[White "Papidakis, Georgios"]
[Black "Ollier, Pablo"]
[Result "0-1"]
[WhiteTitle "CM"]
[BlackTitle "FM"]
[WhiteElo "2130"]
[BlackElo "2284"]
[WhiteFideId "4295099"]
[BlackFideId "652318"]
[EventDate "2025.05.20"]

1. b3 e5 2. Bb2 Nc6 3. e3 d5 4. Bb5 Bd6 5. Nf3 f6 6. d4 e4 7. Nfd2 f5 8. c4 a6
9. cxd5 axb5 10. dxc6 bxc6 11. Qh5+ g6 12. Qe2 Nf6 13. Nc3 O-O 14. h4 Be6 15. d5
Nxd5 16. Nxd5 Bxd5 17. h5 g5 18. h6 Qe7 19. Qd1 Be5 20. Qc2 Bxb2 21. Qxb2 Qf6
22. Qxf6 Rxf6 23. Kd1 Rd6 24. Kc2 Kf7 25. Kc3 Kg6 26. a4 Be6 27. Rhd1 Rd3+ 28.
Kc2 bxa4 29. bxa4 Ra5 30. f3 Bd5 31. fxe4 fxe4 32. Nf1 Bb3+ 33. Kb2 0-1

[Event "Titled Tue 20th May Late"]
[Site "chess.com INT"]
[Date "2025.05.20"]
[Round "2"]
[White "Weidenhoefer, Max"]
[Black "Tari, Aryan"]
[Result "0-1"]
[WhiteTitle "CM"]
[BlackTitle "GM"]
[WhiteElo "2171"]
[BlackElo "2636"]
[WhiteFideId "16230566"]
[BlackFideId "1510045"]
[EventDate "2025.05.20"]

1. d4 Nf6 2. c4 e6 3. Nf3 d5 4. g3 h6 5. Bg2 Bd6 6. O-O O-O 7. Nc3 Nc6 8. Qc2
dxc4 9. Nb5 Na5 10. Bd2 Bd7 11. Nxd6 cxd6 12. Bxa5 Qxa5 13. Qxc4 Bb5 14. Qc2
Rac8 15. Qd1 Rc7 16. Re1 Rfc8 17. e4 Rc2 18. b3 Ng4 19. a4 Nxf2 20. Qb1 Bd3 21.
Re3 Qc3 22. Ne1 Rd2 23. Nxd3 Nxd3 24. Bf1 Qxd4 25. Bxd3 Qxe3+ 26. Kh1 Qf3+ 27.
Kg1 Qg2# 0-1

[Event "Titled Tue 20th May Late"]
[Site "chess.com INT"]
[Date "2025.05.20"]
[Round "2"]
[White "Nguyen, Ngoc Truong Son"]
[Black "Ghimoyan, Narek"]
[Result "0-1"]
[WhiteTitle "GM"]
[BlackTitle "CM"]
[WhiteElo "2632"]
[BlackElo "2273"]
[WhiteFideId "12401110"]
[BlackFideId "13315412"]
[EventDate "2025.05.20"]

1. e4 e6 2. d4 d5 3. e5 c5 4. c3 Nc6 5. Nf3 Qb6 6. Na3 cxd4 7. cxd4 Bb4+ 8. Bd2
Bd7 9. Nc2 Bxd2+ 10. Qxd2 Nge7 11. Bd3 h6 12. h4 O-O 13. g4 f6 14. exf6 Rxf6 15.
Ne5 Nxe5 16. dxe5 Rf3 17. Nd4 Rf7 18. f4 Raf8 19. f5 Qxd4 20. O-O-O Qxe5 21.
Rde1 Qc7+ 22. Kb1 exf5 23. g5 h5 24. Qb4 Nc6 25. Qc5 Qa5 26. Qd6 Nb4 0-1

[Event "Titled Tue 20th May Late"]
[Site "chess.com INT"]
[Date "2025.05.20"]
[Round "2"]
[White "Carlsen, Magnus"]
[Black "Degenbaev, Aziz"]
[Result "1-0"]
[WhiteTitle "GM"]
[BlackTitle "FM"]
[WhiteElo "2837"]
[BlackElo "2279"]
[WhiteFideId "1503014"]
[BlackFideId "13802640"]
[EventDate "2025.05.20"]

1. Nf3 Nf6 2. g3 g6 3. Bg2 Bg7 4. O-O c5 5. c4 O-O 6. Nc3 Nc6 7. d4 d6 8. d5 Na5
9. Nd2 a6 10. Rb1 b5 11. b3 Rb8 12. Qc2 e6 13. Bb2 exd5 14. Nxd5 Nxd5 15. cxd5
Re8 16. Bxg7 Kxg7 17. Rfe1 h5 18. Qc3+ Kg8 19. Ne4 b4 20. Qb2 Re7 21. Nf6+ Kf8
22. e4 Re5 23. f4 Qxf6 24. fxe5 dxe5 25. Rbc1 h4 26. Rf1 Qg5 27. Qf2 Qe7 28. d6
Qd7 29. Rxc5 hxg3 30. hxg3 1-0

[Event "Titled Tue 20th May Late"]
[Site "chess.com INT"]
[Date "2025.05.20"]
[Round "2"]
[White "Sindarov, Javokhir"]
[Black "Msellek, Ilyass"]
[Result "1-0"]
[WhiteTitle "GM"]
[BlackTitle "IM"]
[WhiteElo "2706"]
[BlackElo "2406"]
[WhiteFideId "14205483"]
[BlackFideId "675938"]
[EventDate "2025.05.20"]

1. e4 d6 2. d4 Nf6 3. Nc3 e5 4. Nf3 Nbd7 5. g3 Be7 6. Bg2 O-O 7. O-O c6 8. a4 b6
9. Re1 a6 10. b4 Bb7 11. Bb2 a5 12. b5 cxb5 13. Nxb5 Nxe4 14. dxe5 dxe5 15. Nxe5
Ndc5 16. Nc4 f5 17. f3 Ng5 18. h4 Nf7 19. Qe2 Re8 20. Rad1 Qc8 21. Nxb6 Qc6 22.
Nxa8 Bxa8 23. Qc4 Qb6 1-0

[Event "Titled Tue 20th May Late"]
[Site "chess.com INT"]
[Date "2025.05.20"]
[Round "2"]
[White "Barseghyan, Armen Ar."]
[Black "Danila, Tudor-Gabriel"]
[Result "1-0"]
[WhiteTitle "IM"]
[BlackTitle "CM"]
[WhiteElo "2348"]
[BlackElo "2178"]
[WhiteFideId "13306707"]
[BlackFideId "1274244"]
[EventDate "2025.05.20"]

1. d4 Nf6 2. Nf3 e6 3. g3 c5 4. Bg2 cxd4 5. Nxd4 d5 6. O-O e5 7. Nb3 Nc6 8. c4
d4 9. e3 dxe3 10. Bxe3 Qc7 11. Nc3 Be7 12. Nd5 Nxd5 13. cxd5 Nd8 14. Rc1 Qd7 15.
Nc5 Bxc5 16. Bxc5 f6 17. f4 Nf7 18. fxe5 Nxe5 19. Qe2 Qg4 20. Qe3 Bd7 21. Bd6
Qh5 22. Rc7 Rc8 23. Rxb7 Rc2 24. Rb8+ Bc8 25. Qxa7 Qe2 26. Qe7# 1-0

[Event "Titled Tue 20th May Late"]
[Site "chess.com INT"]
[Date "2025.05.20"]
[Round "2"]
[White "Pakleza, Zbigniew"]
[Black "Serban, Cristian-Stefan"]
[Result "1-0"]
[WhiteTitle "GM"]
[BlackTitle "FM"]
[WhiteElo "2484"]
[BlackElo "2332"]
[WhiteFideId "1119290"]
[BlackFideId "1241443"]
[EventDate "2025.05.20"]

1. d4 Nf6 2. Nf3 d5 3. Bf4 c5 4. c3 e6 5. Nbd2 Nc6 6. e3 Nh5 7. Be5 f6 8. Bg3
Qb6 9. Qb3 Nxg3 10. hxg3 Bd7 11. Bd3 Bd6 12. Qxb6 axb6 13. a3 Kf7 14. O-O-O h6
15. Bc2 e5 16. dxe5 fxe5 17. Ne4 dxe4 18. Rxd6 exf3 19. Rxd7+ Ke6 20. Rxb7 fxg2
21. Rg1 Ra7 22. Rxb6 Kd5 23. c4+ Kd6 24. Be4 Rc8 25. Rd1+ Ke7 26. Rxc6 1-0

[Event "Titled Tue 20th May Late"]
[Site "chess.com INT"]
[Date "2025.05.20"]
[Round "2"]
[White "Rees, Ioan"]
[Black "Van Dael, Siem"]
[Result "1-0"]
[WhiteTitle "FM"]
[BlackTitle "FM"]
[WhiteElo "2288"]
[BlackElo "2258"]
[WhiteFideId "1801236"]
[BlackFideId "1049771"]
[EventDate "2025.05.20"]

1. Nf3 d5 2. g3 Nf6 3. Bg2 c5 4. O-O Nc6 5. d4 cxd4 6. Nxd4 e5 7. Nxc6 bxc6 8.
c4 Be6 9. Nc3 e4 10. Qa4 Qd7 11. Bg5 Be7 12. Rad1 O-O 13. cxd5 cxd5 14. Qxd7
Bxd7 15. Nxd5 Nxd5 16. Bxe7 Rfe8 17. Bxe4 Rxe7 18. Bxd5 Rb8 19. Bb3 Bh3 20. Rfe1
a5 21. Rd4 a4 22. Rxa4 Rd8 23. f3 h6 24. g4 h5 25. Kf2 hxg4 26. fxg4 Kh7 27. Rf4
f6 28. Kg3 g5 29. Rxf6 Re3+ 30. Rf3 Rde8 31. Bd5 Rxe2 32. Rxe2 Rxe2 33. Kxh3
Rxb2 34. Bb3 Kg6 35. Kg3 Rb1 36. Rc3 1-0

[Event "Titled Tue 20th May Late"]
[Site "chess.com INT"]
[Date "2025.05.20"]
[Round "2"]
[White "Tologon tegin, Semetei"]
[Black "Harish, Neeraj"]
[Result "1-0"]
[WhiteTitle "IM"]
[BlackTitle "CM"]
[WhiteElo "2313"]
[BlackElo "2192"]
[WhiteFideId "13800574"]
[BlackFideId "30958130"]
[EventDate "2025.05.20"]

1. d4 d5 2. c4 c6 3. Nc3 Nf6 4. cxd5 cxd5 5. Bg5 Nc6 6. e3 Bf5 7. Qb3 Qd7 8.
Bxf6 exf6 9. Qxd5 Qxd5 10. Nxd5 O-O-O 11. Nc3 Bb4 12. Bc4 Rhe8 13. Ne2 a6 14.
Bxf7 Re7 15. Bb3 Nxd4 16. exd4 Bd3 17. O-O-O Bxe2 18. Rde1 Rde8 19. Nd5 Bxe1 20.
Nxe7+ Rxe7 21. Rxe1 Rc7+ 22. Kd2 Bc4 23. Rc1 b5 24. Bxc4 bxc4 25. b3 1-0

[Event "Titled Tue 20th May Late"]
[Site "chess.com INT"]
[Date "2025.05.20"]
[Round "2"]
[White "Nita, Lucian"]
[Black "Rustemov, Alexander"]
[Result "0-1"]
[BlackTitle "GM"]
[WhiteElo "2143"]
[BlackElo "2525"]
[WhiteFideId "1206923"]
[BlackFideId "4119002"]
[EventDate "2025.05.20"]

1. e4 e6 2. d3 d5 3. Nd2 c5 4. Ngf3 Nc6 5. Be2 g6 6. O-O Bg7 7. exd5 exd5 8. Nb3
b6 9. c3 Nge7 10. d4 c4 11. Nbd2 b5 12. Re1 O-O 13. a4 b4 14. Nf1 h6 15. Bf4 g5
16. Bd2 Rb8 17. h3 Be6 18. Ne3 Qd7 19. Nh2 f5 20. Nc2 b3 21. Ne3 Ng6 22. Nef1
Nce7 23. Bh5 Bf7 24. g3 Rbe8 25. Bf3 Nc8 26. Bg2 Nd6 27. Ne3 Ne4 28. Bxe4 fxe4
29. g4 Nf4 30. Nf5 Nxh3+ 31. Kg2 Nf4+ 32. Bxf4 gxf4 33. f3 Bg6 34. Nxg7 Kxg7 35.
Rh1 exf3+ 36. Nxf3 Qxg4+ 37. Kf2 Qg3+ 38. Kf1 Bd3+ 39. Qxd3 cxd3 0-1

[Event "Titled Tue 20th May Late"]
[Site "chess.com INT"]
[Date "2025.05.20"]
[Round "2"]
[White "Forgacs, Attila Jr."]
[Black "Yilmaz, Baver"]
[Result "0-1"]
[WhiteTitle "FM"]
[BlackTitle "FM"]
[WhiteElo "2264"]
[BlackElo "2233"]
[WhiteFideId "773654"]
[BlackFideId "26363542"]
[EventDate "2025.05.20"]

1. Nf3 Nf6 2. g3 g6 3. Bg2 Bg7 4. O-O O-O 5. d3 d6 6. e4 Nbd7 7. Nc3 e5 8. Ne1
h5 9. f4 c6 10. f5 Ng4 11. Qe2 Nc5 12. h3 Nf6 13. fxg6 fxg6 14. Kh2 Bd7 15. Nf3
Ne6 16. Ng5 Nxg5 17. Bxg5 Ng4+ 18. Qxg4 hxg4 19. Bxd8 Raxd8 20. hxg4 Bh6 21. Bh3
Bg5 22. Kg2 Kg7 23. Rxf8 Rxf8 24. Rf1 Rxf1 25. Kxf1 b5 26. Ne2 a5 27. Ng1 Bc1
28. b3 g5 29. Ke2 Kf6 30. c4 Bb2 31. Kf3 Be6 32. Bf1 d5 33. cxd5 cxd5 34. Be2 d4
35. Bd1 Ke7 36. Kf2 Kd6 37. Nh3 Bc1 38. Ke1 Kc5 39. Nf2 Kb4 40. Bc2 Ka3 41. Kd1
Be3 42. Nh3 Bxg4+ 0-1

[Event "Titled Tue 20th May Late"]
[Site "chess.com INT"]
[Date "2025.05.20"]
[Round "2"]
[White "Kahre, Kim"]
[Black "Fishbein, Alexander"]
[Result "0-1"]
[BlackTitle "GM"]
[WhiteElo "2119"]
[BlackElo "2377"]
[WhiteFideId "518816"]
[BlackFideId "2000377"]
[EventDate "2025.05.20"]

1. e4 c5 2. Nf3 d6 3. d4 cxd4 4. Qxd4 a6 5. c4 Nc6 6. Qe3 g6 7. Nc3 Bg7 8. a3
Nf6 9. b4 Nxe4 10. Bb2 Nxc3 11. Bxc3 O-O 12. h4 Bg4 13. Ng5 Bxc3+ 14. Qxc3 h6
15. Bd3 Ne5 16. Bc2 Rc8 17. c5 hxg5 18. hxg5 e6 19. f4 Bh5 20. Kf2 Ng4+ 21. Kg3
e5 22. Rxh5 gxh5 23. Qd3 f5 24. gxf6 exf4+ 25. Kf3 Ne5+ 26. Kxf4 Nxd3+ 27. Bxd3
Qxf6+ 0-1

[Event "Titled Tue 20th May Late"]
[Site "chess.com INT"]
[Date "2025.05.20"]
[Round "2"]
[White "Aadit, Bhatia"]
[Black "Badacsonyi, Stanley"]
[Result "0-1"]
[BlackTitle "FM"]
[WhiteElo "2122"]
[BlackElo "2289"]
[WhiteFideId "25088955"]
[BlackFideId "486973"]
[EventDate "2025.05.20"]

1. d4 Nf6 2. Nf3 g6 3. Bg5 Bg7 4. Nbd2 c5 5. c3 cxd4 6. cxd4 d6 7. e3 O-O 8. h3
b6 9. Bd3 Bb7 10. O-O Nbd7 11. a3 a6 12. Rc1 Ra7 13. Qe2 Qa8 14. Rc2 b5 15. Rfc1
h6 16. Bh4 e5 17. dxe5 dxe5 18. e4 Nh5 19. Qe3 Nf4 20. Bf1 Ne6 21. Be7 Re8 22.
Bd6 Nf6 23. Nxe5 Nxe4 24. Nxe4 Bxe4 25. Rd2 Ng5 26. f3 Bxe5 27. Bxe5 Rxe5 28.
fxe4 Rxe4 29. Qb6 Re8 30. Rc6 Rae7 31. Rf2 Re6 32. Rxe6 Rxe6 33. Qc5 Ne4 34. Qe3
Nxf2 35. Qxf2 Qe4 36. Qd2 Qe3+ 37. Qxe3 Rxe3 38. Kf2 Rb3 0-1

[Event "Titled Tue 20th May Late"]
[Site "chess.com INT"]
[Date "2025.05.20"]
[Round "2"]
[White "Winkels, Marcel"]
[Black "Aliyev, Elnur"]
[Result "0-1"]
[WhiteTitle "CM"]
[BlackTitle "CM"]
[WhiteElo "1918"]
[BlackElo "2155"]
[WhiteFideId "1003887"]
[BlackFideId "13402617"]
[EventDate "2025.05.20"]

1. e4 c5 2. Nf3 d6 3. d4 cxd4 4. Nxd4 Nf6 5. Nc3 g6 6. Be3 Bg7 7. f3 a6 8. Qd2
h5 9. O-O-O b5 10. Nd5 Nxd5 11. exd5 Bb7 12. Ne2 Nd7 13. Kb1 Rc8 14. Nf4 Qc7 15.
Bd3 Ne5 16. Be4 Nc4 17. Qe2 Nxb2 18. Bd4 Bxd4 19. Rxd4 Na4 20. Kc1 Qc3 21. Rhd1
Qa1+ 22. Kd2 Qc3+ 23. Kc1 Qa1+ 24. Kd2 Qxd4+ 25. Ke1 Qb4+ 26. Kf1 Nc3 27. Qd2
Rc4 28. Bd3 Rxf4 29. Re1 Nxd5 30. Qe2 e5 31. g3 Ne3+ 32. Qxe3 Rxf3+ 0-1

[Event "Titled Tue 20th May Late"]
[Site "chess.com INT"]
[Date "2025.05.20"]
[Round "2"]
[White "Da Matta, Eduardo Cesar"]
[Black "Gutkin, Ilya"]
[Result "1-0"]
[BlackTitle "FM"]
[WhiteElo "2047"]
[BlackElo "2320"]
[WhiteFideId "2193108"]
[BlackFideId "16203470"]
[EventDate "2025.05.20"]

1. d4 d5 2. c4 e6 3. Nc3 Nf6 4. cxd5 exd5 5. Bg5 c6 6. Qc2 h6 7. Bh4 Be7 8. e3
O-O 9. Bd3 Re8 10. Nge2 Nbd7 11. O-O c5 12. Rad1 c4 13. Bf5 Nb6 14. f3 Bxf5 15.
Qxf5 Qd7 16. Qc2 Rad8 17. Bxf6 Bxf6 18. e4 dxe4 19. fxe4 Qg4 20. e5 Bg5 21. h3
Be3+ 22. Kh1 Qh4 23. Nb5 a6 24. Nd6 Re7 25. Nf5 Qg5 26. h4 Qg4 27. Nxe7+ Kf8 28.
Nf5 g6 29. Nxe3 Qxh4+ 30. Kg1 Kg7 31. Rf4 Qg5 32. Rdf1 Rd7 33. Nxc4 Nd5 34. R4f3
b5 35. Nd6 f5 36. exf6+ Nxf6 37. Rxf6 Qe3+ 38. Kh1 1-0

[Event "Titled Tue 20th May Late"]
[Site "chess.com INT"]
[Date "2025.05.20"]
[Round "2"]
[White "Yevchenko, Oleksandr"]
[Black "Vykouk, Jan"]
[Result "0-1"]
[WhiteTitle "CM"]
[BlackTitle "IM"]
[WhiteElo "2276"]
[BlackElo "2496"]
[WhiteFideId "14108267"]
[BlackFideId "349658"]
[EventDate "2025.05.20"]

1. c4 e6 2. e4 d5 3. exd5 exd5 4. cxd5 Nf6 5. Nc3 Nxd5 6. Nf3 Be7 7. Bc4 Nb6 8.
Bb3 O-O 9. d4 Bg4 10. O-O c6 11. h3 Bh5 12. Re1 Bf6 13. g4 Bg6 14. Ne5 N8d7 15.
f4 Nxe5 16. dxe5 Bh4 17. f5 Bxe1 18. Qxe1 Kh8 19. fxg6 fxg6 20. Be3 Qe7 21. Qg3
Rad8 22. Rf1 Rxf1+ 23. Kxf1 Qd7 24. Kg2 Rf8 25. e6 Qd3 26. Bxb6 Qf1+ 27. Kh2
axb6 28. Nd1 Qe2+ 29. Kg1 Rf1# 0-1

[Event "Titled Tue 20th May Late"]
[Site "chess.com INT"]
[Date "2025.05.20"]
[Round "2"]
[White "Romero Ruscalleda, Josep"]
[Black "Demaria, Juan Pablo"]
[Result "1-0"]
[WhiteTitle "FM"]
[BlackTitle "FM"]
[WhiteElo "2110"]
[BlackElo "2215"]
[WhiteFideId "2231859"]
[BlackFideId "104922"]
[EventDate "2025.05.20"]

1. e4 c5 2. c3 d6 3. d4 Nd7 4. Nf3 Ngf6 5. Bd3 e5 6. O-O Be7 7. Nbd2 O-O 8. Re1
Qc7 9. Nf1 Re8 10. Ng3 Nf8 11. Be3 Ne6 12. Nf5 Bf8 13. Ng5 exd4 14. cxd4 h6 15.
Nxe6 Bxe6 16. Qf3 cxd4 17. Bxd4 Nd7 18. Nxh6+ Kh7 19. Nxf7 Ne5 20. Qh5+ Kg8 21.
Ng5 g6 22. Qh4 Nxd3 23. Qh8# 1-0

[Event "Titled Tue 20th May Late"]
[Site "chess.com INT"]
[Date "2025.05.20"]
[Round "2"]
[White "Hoeffer, David"]
[Black "Shandrygin, Nikita"]
[Result "0-1"]
[WhiteTitle "FM"]
[BlackTitle "FM"]
[WhiteElo "2295"]
[BlackElo "2209"]
[WhiteFideId "24606766"]
[BlackFideId "24198668"]
[EventDate "2025.05.20"]

1. d4 d5 2. Nc3 Nc6 3. e4 dxe4 4. d5 Ne5 5. Bf4 Ng6 6. Bg3 f5 7. Nh3 e5 8. dxe6
Bxe6 9. Nb5 Bd6 10. Nxd6+ cxd6 11. Qxd6 Qxd6 12. Bxd6 O-O-O 13. O-O-O h6 14. Be2
Nf6 15. g3 Nd5 16. Ba3 f4 17. Nxf4 Ngxf4 18. gxf4 Nxf4 19. Bb5 a6 20. Bd6 Rxd6
21. Rxd6 axb5 22. Kd2 Kc7 23. Rd4 Rf8 24. Rg1 g5 25. Rxe4 Kd6 26. b3 Bd5 27. Re3
b4 28. c3 Ra8 29. cxb4 Rxa2+ 30. Kc3 Ne2+ 31. Rxe2 Rxe2 0-1

[Event "Titled Tue 20th May Late"]
[Site "chess.com INT"]
[Date "2025.05.20"]
[Round "2"]
[White "Luong Phuong Hanh"]
[Black "Hernandez Jimenez, Alexander Andres"]
[Result "1-0"]
[WhiteTitle "WIM"]
[BlackTitle "FM"]
[WhiteElo "2144"]
[BlackElo "2043"]
[WhiteFideId "12401013"]
[BlackFideId "3900452"]
[EventDate "2025.05.20"]

1. d4 Nf6 2. Nf3 e6 3. e3 b6 4. Bd3 Bb7 5. O-O Be7 6. c4 d5 7. Nc3 O-O 8. b3
Nbd7 9. Bb2 c5 10. cxd5 exd5 11. Ne5 Nxe5 12. dxe5 Ne4 13. Nxe4 dxe4 14. Bc4
Qxd1 15. Rfxd1 Rfd8 16. Kf1 Kf8 17. Ke2 a6 18. a4 Bc6 19. Rxd8+ Bxd8 20. e6 f6
21. Ba3 Be7 22. Bb2 Bd6 23. f4 exf3+ 24. gxf3 Re8 25. Rd1 Bc7 26. Bxa6 Rxe6 27.
Bc4 Rd6 28. Rxd6 Bxd6 29. f4 Ke7 30. h4 h5 31. Kd2 Be4 32. Be2 g6 33. Bc4 Ke8
34. Bxf6 Be7 35. Bg5 Bxg5 36. fxg5 Ke7 37. Bd3 1-0

[Event "Titled Tue 20th May Late"]
[Site "chess.com INT"]
[Date "2025.05.20"]
[Round "2"]
[White "Diaz Cesar, Wilsaida Pieranlly"]
[Black "Schuster, Karsten"]
[Result "0-1"]
[WhiteTitle "WFM"]
[BlackTitle "FM"]
[WhiteElo "1892"]
[BlackElo "2266"]
[WhiteFideId "6403557"]
[BlackFideId "4611071"]
[EventDate "2025.05.20"]

1. e4 d5 2. exd5 Qxd5 3. Nc3 Qd6 4. Nf3 c6 5. Bc4 Nf6 6. d3 Bf5 7. O-O e6 8. a3
Qc7 9. b4 Bd6 10. Re1 O-O 11. Bg5 Nd5 12. Ne4 Bf4 13. Bxf4 Qxf4 14. Ng3 Bg4 15.
Re4 Bxf3 16. Qxf3 Qxf3 17. gxf3 Nd7 18. Bb3 N7f6 19. Ree1 a5 20. Ne4 axb4 21.
Nxf6+ gxf6 22. axb4 Nxb4 23. Rac1 Ra3 24. Re4 Nxd3 25. Rd1 Nc5 26. Rg4+ Kh8 27.
Bc4 Rc3 28. Kh1 f5 29. Rh4 b5 30. Bf1 Rxf3 31. Bg2 Rxf2 32. Bxc6 Rxc2 33. Bxb5
Ne4 34. Rd7 Rg8 35. Rxe4 fxe4 36. Rxf7 Rc1+ 37. Rf1 Rxf1+ 38. Bxf1 Rf8 39. Kg2
e3 40. Be2 Rf2+ 0-1

[Event "Titled Tue 20th May Late"]
[Site "chess.com INT"]
[Date "2025.05.20"]
[Round "2"]
[White "Leenhouts, Koen"]
[Black "Obregon Rivero, Juan Carlos"]
[Result "0-1"]
[WhiteTitle "GM"]
[BlackTitle "GM"]
[WhiteElo "2476"]
[BlackElo "2476"]
[WhiteFideId "1008439"]
[BlackFideId "3507815"]
[EventDate "2025.05.20"]

1. e4 c5 2. Nf3 d6 3. d4 cxd4 4. Nxd4 Nf6 5. Nc3 Nc6 6. Be2 g6 7. O-O Bg7 8. Be3
O-O 9. Kh1 Nxd4 10. Bxd4 Bd7 11. f3 Bc6 12. Qd2 a5 13. Rad1 Nd7 14. Bxg7 Kxg7
15. Nd5 Bxd5 16. Qxd5 Qb6 17. Qd4+ Kg8 18. Qxb6 Nxb6 19. Rd4 Rfc8 20. c3 Rc5 21.
Rfd1 Rac8 22. Kg1 Kf8 23. Kf2 Nd7 24. Ke3 b5 25. a4 bxa4 26. Rxa4 Nb6 27. Rad4
a4 28. R1d2 a3 29. bxa3 Rxc3+ 30. R2d3 Nc4+ 31. Kf2 Nxa3 32. Rxc3 Rxc3 33. Ra4
Nc2 34. h4 h6 35. g4 g5 36. hxg5 hxg5 37. Ra5 Nd4 38. Bd1 Rd3 39. Be2 Rc3 40.
Bd1 f6 41. Ra2 Rc1 42. Rd2 Ne6 43. Bb3 Nc5 44. Bd5 Rc3 45. Rb2 Nd3+ 0-1

[Event "Titled Tue 20th May Late"]
[Site "chess.com INT"]
[Date "2025.05.20"]
[Round "2"]
[White "Jovic, Stanoje"]
[Black "Kjaergaard-Jensen, Jesper"]
[Result "1-0"]
[WhiteTitle "FM"]
[BlackTitle "CM"]
[WhiteElo "2096"]
[BlackElo "2081"]
[WhiteFideId "905020"]
[BlackFideId "1406990"]
[EventDate "2025.05.20"]

1. c4 Nf6 2. g3 d6 3. Bg2 c6 4. Nc3 e5 5. e4 Be7 6. Nge2 Be6 7. b3 c5 8. Nd5 Nc6
9. O-O h5 10. f4 Bxd5 11. cxd5 Nd4 12. Nxd4 cxd4 13. fxe5 dxe5 14. d3 h4 15. Rf5
hxg3 16. hxg3 Bd6 17. Bg5 Qb6 18. Rc1 Qa6 19. Qf3 Qa3 20. Rc2 Be7 21. Rxe5 Qd6
22. Rf5 Nxd5 23. Rxd5 Qg6 24. Bxe7 Kxe7 25. Rc7+ Kf8 26. Rdd7 Kg8 27. Rxf7 Rh7
28. Rfd7 Qh6 29. e5 Qh2+ 30. Kf2 Rf8 31. Qxf8+ Kxf8 32. Rc8# 1-0

[Event "Titled Tue 20th May Late"]
[Site "chess.com INT"]
[Date "2025.05.20"]
[Round "2"]
[White "Nielsen-Refs, Karl-Emil Elmer"]
[Black "Rossi, Maximiliano"]
[Result "1-0"]
[WhiteTitle "CM"]
[WhiteElo "2095"]
[BlackElo "2013"]
[WhiteFideId "1452797"]
[BlackFideId "113425"]
[EventDate "2025.05.20"]

1. Nf3 g6 2. d4 Bg7 3. e4 d6 4. c3 Nc6 5. Be3 e5 6. Qd2 Bg4 7. Be2 Nf6 8. Qc2
O-O 9. O-O Bxf3 10. Bxf3 exd4 11. cxd4 d5 12. e5 Ne4 13. Bxe4 dxe4 14. Qxe4 Qd7
15. Nc3 Ne7 16. d5 Nf5 17. Rad1 Rfe8 18. f4 Nxe3 19. Qxe3 g5 20. Rfe1 h6 21. e6
Qd6 22. fxg5 Qb6 23. Qxb6 axb6 24. Nb5 Rec8 25. e7 hxg5 26. d6 cxd6 27. Nxd6 f6
28. Nxc8 Rxc8 29. Rd8+ 1-0

[Event "Titled Tue 20th May Late"]
[Site "chess.com INT"]
[Date "2025.05.20"]
[Round "2"]
[White "Bagheri, Maziar"]
[Black "Habans Aguerrea, Javier"]
[Result "0-1"]
[WhiteTitle "FM"]
[BlackTitle "IM"]
[WhiteElo "2287"]
[BlackElo "2448"]
[WhiteFideId "12530913"]
[BlackFideId "24524689"]
[EventDate "2025.05.20"]

1. e4 c5 2. Nf3 Nc6 3. Bb5 Nf6 4. e5 Nd5 5. O-O g6 6. Nc3 Nc7 7. Bc4 Bg7 8. Re1
O-O 9. b3 d5 10. exd6 exd6 11. Bb2 d5 12. Bf1 Bf5 13. Rb1 Qd7 14. Ne2 Bxb2 15.
Rxb2 Rae8 16. d4 Bg4 17. dxc5 Bxf3 18. gxf3 Qe7 19. b4 Ne6 20. Ng3 Qf6 21. Rb1
Nf4 22. c4 dxc4 23. Bxc4 Rxe1+ 24. Qxe1 Ne5 25. Qe4 Nh3+ 26. Kg2 Ng5 27. Qd5 Rd8
28. Rd1 Rxd5 29. Bxd5 b6 30. Rc1 bxc5 31. bxc5 Nd3 32. Rd1 Nf4+ 33. Kf1 Qc3 34.
Be4 Nxe4 35. fxe4 Qf3 36. Rd8+ Kg7 37. Rd1 Qxd1# 0-1

[Event "Titled Tue 20th May Late"]
[Site "chess.com INT"]
[Date "2025.05.20"]
[Round "2"]
[White "Klukin, Kirill"]
[Black "Shukhman, Anna"]
[Result "1-0"]
[WhiteTitle "IM"]
[BlackTitle "WGM"]
[WhiteElo "2407"]
[BlackElo "2413"]
[WhiteFideId "24199273"]
[BlackFideId "54180058"]
[EventDate "2025.05.20"]

1. d4 d5 2. c4 e5 3. dxe5 Ne7 4. e3 Nbc6 5. Nf3 Bg4 6. cxd5 Nxd5 7. Be2 Ndb4 8.
Qa4 Bxf3 9. Bxf3 Nd3+ 10. Ke2 Nxe5 11. Rd1 Bd6 12. Bd5 Qg5 13. Kf1 O-O 14. Nc3
Qh5 15. h3 Rad8 16. e4 Nb4 17. Be3 c6 18. Bb3 Nbd3 19. Rd2 Nc5 20. Qxa7 Nxb3 21.
axb3 Bb4 22. Rad1 Bxc3 23. Rxd8 1-0

[Event "Titled Tue 20th May Late"]
[Site "chess.com INT"]
[Date "2025.05.20"]
[Round "2"]
[White "Montano Vicente, Guadalupe"]
[Black "Shafer, Logan C"]
[Result "0-1"]
[BlackTitle "CM"]
[WhiteElo "1940"]
[BlackElo "2291"]
[WhiteFideId "5181399"]
[BlackFideId "30993342"]
[EventDate "2025.05.20"]

1. d4 Nf6 2. c4 e6 3. Nf3 Bb4+ 4. Bd2 Qe7 5. g3 Nc6 6. Bg2 O-O 7. O-O d5 8. Qc2
Ne4 9. cxd5 exd5 10. e3 Bf5 11. Qd1 h5 12. Nh4 Bg4 13. f3 Nxd2 14. Nxd2 Qxe3+
15. Kh1 Qxd2 16. fxg4 Qxd1 17. Raxd1 hxg4 18. Nf5 Rad8 19. a3 Be7 20. Rf4 g6 21.
Nh6+ Kg7 22. Nxg4 Bg5 23. Rf3 f5 24. Ne3 Bf6 25. Rf4 Bg5 26. Rf3 Rfe8 27. Nc2
Bf6 28. Rfd3 Re2 29. R3d2 Re7 30. Nb4 Nxb4 31. axb4 c6 32. Ra1 a6 33. Bf3 Re3
34. Kg2 Rb3 35. Ra4 Re8 36. Bd1 Rbe3 37. Bf3 Re1 38. b5 axb5 39. Ra7 R8e7 40.
Rc2 Bxd4 0-1